Η πολιτική σκέψη : από τις απαρχές ως τις μέρες μας
Αποθηκεύτηκε σε:
| Κύριος συγγραφέας: | |
|---|---|
| Άλλοι συγγραφείς: | , |
| Μορφή: | Βιβλίο |
| Γλώσσα: | Greek Italian |
| Δημοσίευση: |
Αθήνα :
Παπαζήσης,
1972.
|
| Σειρά: | Βιβλιοθήκη πολιτικών επιστημών
|
| Θέματα: | |
| Ετικέτες: |
Προσθήκη ετικέτας
Δεν υπάρχουν, Καταχωρήστε ετικέτα πρώτοι!
|
MARC
| LEADER | 00000cam a2200000 i 4500 | ||
|---|---|---|---|
| 001 | 1/37579 | ||
| 008 | 960327s1972 gr | ||| |||| ||gre|| | ||
| 035 | |l 10070280 | ||
| 040 | |a GR-MyUA |b gre |e AACR2 | ||
| 041 | 1 | |a gre |h ita | |
| 082 | 0 | |a 320.509 | |
| 100 | 1 | |a Cerroni, Umberto. | |
| 245 | 1 | 2 | |a Η πολιτική σκέψη : |b από τις απαρχές ως τις μέρες μας / |c Umberto Cerroni ; μετάφραση από τα ιταλικά Μπάμπη Λυκούδη ; επιμέλεια Αριστείδης Μανωλάκος. |
| 260 | |a Αθήνα : |b Παπαζήσης, |c 1972. | ||
| 300 | |a 3τ. (τ.1:302 σ., τ.2: 310 σ., τ.3: 330 σ.) | ||
| 490 | 1 | |a (Βιβλιοθήκη πολιτικών επιστημών) | |
| 500 | |a Τίτλος πρωτοτύπου: Il pensiero politico dalle origini ai nostri giorni. | ||
| 505 | 0 | |a T. 1. Έλληνες και Ρωμαίοι -- τ. 2. Χριστιανοί και νεώτεροι. | |
| 650 | 0 | 0 | |a Political science |x History. |
| 700 | 1 | |a Λυκούδης, Μπάμπης, |e trl | |
| 700 | 1 | |a Μανωλάκος, Αριστείδης, |e edt | |
| 740 | 0 | 2 | |a Έλληνες και Ρωμαίου |
| 740 | 0 | 2 | |a Χριστιανοί και νεώτεροι |
| 830 | 0 | |a Βιβλιοθήκη πολιτικών επιστημών | |
| 852 | |a INST |b CHIOS |e 19960327 |h 320.509 CER |p 005200006065 |q 005200006065 |t BK |y 0 |z τ.1 | ||
| 852 | |a INST |b CHIOS |e 20030627 |h 320.509 CER |p 005200013716 |q 005200013716 |t BK |y 0 |z τ.2 | ||
| 852 | |a INST |b CHIOS |e 20030626 |h 320.509 CER |p 005200013717 |q 005200013717 |t BK |y 0 |z τ.1 | ||
| 852 | |a INST |b CHIOS |e 20030627 |h 320.509 CER |p 005200013720 |q 005200013720 |t BK |y 0 |z τ.3 | ||
| 852 | |a INST |b CHIOS |e 19960327 |h 320.509 CER |p 005200006065 |q 005200006065 |t BK |v τ.1: |y 0 |z τ.1 | ||
| 852 | |a INST |b CHIOS |e 20030627 |h 320.509 CER |p 005200013716 |q 005200013716 |t BK |v τ.2: |y 0 |z τ.2 | ||
| 852 | |a INST |b CHIOS |e 20030626 |h 320.509 CER |p 005200013717 |q 005200013717 |t BK |v τ.1: |y 0 |z τ.1 | ||
| 852 | |a INST |b CHIOS |e 20030627 |h 320.509 CER |p 005200013720 |q 005200013720 |t BK |v τ.3: |y 0 |z τ.3 | ||
| 852 | |a INST |b LESVOS |e 19961127 |h 320.509 CER |p 005100012380 |q 005100012380 |t BK |y 0 |z v.3 | ||
| 852 | |a INST |b LESVOS |e 19961127 |h 320.509 CER |p 005100012381 |q 005100012381 |t BK |y 0 |z v.1 | ||
| 852 | |a INST |b LESVOS |e 19961127 |h 320.509 CER |p 005100012380 |q 005100012380 |t BK |v v.3: |y 0 |z v.3 | ||
| 852 | |a INST |b LESVOS |e 19961127 |h 320.509 CER |p 005100012381 |q 005100012381 |t BK |v v.1: |y 0 |z v.1 | ||
| 853 | |a INST |b CHIOS |h 320.509 CER | ||
| 853 | |a INST |b LESVOS |h 320.509 CER | ||
| 909 | |a Χ |b 003288 | ||
| 909 | |a Λ |b 011072 | ||
| 909 | |a Χ |b 100708 | ||
| 909 | |a Χ |b 100709 | ||
| 909 | |a Χ |b 100710 | ||
| 950 | |a 082-2001-11-16 | ||